LEADER 01000nam a2200241 i 4500 001 000000172736 003 CaOOAMICUS 005 20081202000000.0 008 081202s1967 it u000 u ita u 013 $a150179 040 $aSeMil$bita 100 1 $aUfficio Nazionale dello Spettacolo .$0(OLS)http://semarc/name/64566 245 13$aLa realtą cristiana nell'epoca degli audiovisivi /$cUfficio Nazionale dello Spettacolo. 260 $aRoma :$b[s.n.],$c1967$e(Roma :$fO.G.C. ,$g1967) 300 $a291 p. ;$c21 cm. 500 $aDono del card. Giovanni Colombo. 650 4$aCristianesimo - Mezzi di comunicazione.$0(OLS)http://semarc/subject/24310 850 $aSeMil 852 $aSeMil$W1$xVenegono$y1$m3M III 202$j123590$B123590$CSeMilBibl$Z2$F141093 $81 941 1 $a3 961 $aLascito: Colombo Card. Giovanni 996 $6245$aLa realtą cristiana nell'epoca degli audiovisivi$9(OLS)http://semarc/title/247429 996 $6260$aRoma :$b[s.n.]$9(OLS)http://semarc/publisher/29738 LEADER 02126nam a2200253 i 4500 001 000000202054 003 CaOOAMICUS 005 20190304082855.0 008 110513n it u000 u lat u 013 $a180760 026 $am.m. ut,& 7.o, Acl' (3) 1600 (Q) 040 $aSeMil$bita 100 1 $aPriscianese, Francesco .$0(OLS)http://semarc/name/73031 245 10$aDictionarium ciceronianum Francisci Priscianensis in quo omnia vocabula ciceroniana leguntur, atque italice explicantur. Opus ad latini sermonis intelligentiam, atque ad ejus incorruptam integritatem servandam accommodatum, adolescentibusque utilissimum. Nunc denuo impressum, & multis mendis castigatum. 260 $aMediolani :$bTypis Iosephi Marelli sub signo fortunae,$c[dopo il 1641]$e(In Milano :$fPer Giuseppe Marelli al segno della Fortuna,$g[dopo il 1641]) 300 $a336 [i.e. 334], [2] ;$c8°. 500 $aSaltate nella num. le p. 257-258. - Segn.: A-X8. - Iniz. ornate. - Probabilmente pubblicato dopo il 1641, anni di attivitą del tipografo G. Marelli. - Marca societaria di Giovanni Pietro Cardi e Giuseppe Marelli, che questi continua ad utilizzare da solo anche dopo la morte di Cardi. - L'ultima c. riporta la marca tipografica ingrandita e l'editore in italiano. 500 $aMarca editoriale: La Fortuna: una donna in mare poggia il piede sinistro su un globo e tiene con le mani una vela spiegata al vento (O984). 700 1 $aMarelli, Giuseppe,$c.$0(OLS)http://semarc/name/14703 850 $aSeMil 852 $aSeMil$W1$xVenegono$y1$m1A II 38 FA$j152580$B152580$CSeMilBibl$Z2$F163652 $8I 996 $6245$aDictionarium ciceronianum Francisci Priscianensis in quo omnia vocabula ciceroniana leguntur, atque italice explicantur. Opus ad latini sermonis intelligentiam, atque ad ejus incorruptam integritatem servandam accommodatum, adolescentibusque utilissimum. Nunc denuo impressum, & multis mendis castigatum$9(OLS)http://semarc/title/292477 996 $6260$aMediolani :$bTypis Iosephi Marelli sub signo fortunae$9(OLS)http://semarc/publisher/51694